000 00395nam a22001457a 4500
005 20200619153550.0
008 200619b xxu||||| |||| 00| 0 eng d
082 _a345.4 LIC
110 _aALL INDIA REPORTER
_96246
245 _aLABOUR AND INDUSTRIAL CASES [1970] LAB I . C V -I
260 _aMUMBAI
_bALL INDIA REPOTER Pvt.Ltd
_c1970
300 _a768p.
650 _aLAW
_95701
942 _cJRL
999 _c7340
_d7338